00472nam a22001697a 450000500170000000800410001702000180005804000210007604100080009708200180010510000340012324500410015725000120019826000390021030000100024965000430025920240311121232.0240311b ||||| |||| 00| 0 eng d a9789391931568 aIN-DiNCcIN-DiNC dasm a891.4513bBOR aBorgohain, Juri Boraheauthor aCamouflage/cby Juri Borah Borgohain a2nd ed. aGuwahati:bJyoti prakashan,c2023. a274p. aAssamese novel by Juri Borah Borgohain